Water-Type Pokemon Moves - Statistics

General Stats
  • This quiz has been taken 1,500 times
  • The average score is 19 of 27
Answer Stats
Category Description Move % Correct
Special Inflicts damage, used to cross water Surf
94%
Special Inlicts damage; 110 power Hydro Pump
93%
Physical May cause flinch, used to scale waterfalls Waterfall
93%
Status Changes weather, Fire moves weakened Rain Dance
92%
Special Inflicts damage; 40 power Water Gun
91%
Physical 2-turn attack; used to swim underwater Dive
89%
Special Lasts 4-5 turns, used to cross swirling water Whirlpool
87%
Special May burn target Scald
86%
Special May confuse target Water Pulse
86%
Special May lower Speed -1; 40 power Bubble
83%
Special Signature move of Water starters; 150 power Hydro Cannon
81%
Special May lower Speed -1; 65 power Bubble Beam
78%
Physical Greninja's signature move Water Shuriken
77%
Physical Priority +1 Aqua Jet
76%
Status Restores user's HP a little every turn Aqua Ring
76%
Status Weakens Fire moves Water Sport
69%
Special Power depends on user's HP; a Kyogre specialty Water Spout
69%
Status Defense +1 Withdraw
68%
Special Octillery's signature move Octazooka
61%
Status Changes target's type to Water Soak
61%
Special x2 damage if user is below 1/2 total HP Brine
58%
Special Signature move of Water starters; 50 power Water Pledge
56%
Special May lower Accuracy -1 Muddy Water
55%
Physical Inflicts damage Aqua Tail
51%
Physical May lower Defense -1 Razor Shell
40%
Physical High critical hit ratio Crabhammer
30%
Physical Lasts 4-5 turns Clamp
27%
No matching quizzes found
Score Distribution
Percent of People with Each Score
Percentile by Number Answered
Your Score History
You have not taken this quiz